02010cam a2200469 i 4500001000500000005001700005020002500022020002200047020003100069020002800100040011500128050002300243082001400266100002900280245004900309260002900358300004500387490005100432500007200483505000600555520019500561521001800756521001800774521003200792521002700824650005900851650006100910650003100971650002901002650003101031650005001062650005201112650002201164650002001186650003901206650003701245650003901282650006601321650006801387655003901455655004601494185820231005103047.0 a9780545708296 (pbk.) a054570829X (pbk.) a9781480672529 (Paw Prints) a1480672521 (Paw Prints) aBTCTAbengcBTCTAerdadGK5dHBPdCGPdJQJdJTHdIUKdUPZdOCLCFdDADdEHHdOCLdOCLCOdYDXCPdBDXdDLCdFISKH00aPZ7.M507bKay 201504a[Fic]2231 aMeadows, Daisy,eauthor.10aKayla the pottery fairy /cby Daisy Meadows. aLondon :bOrchard,c2014 a65 pages :billustrations, map ;c20 cm.1 aRainbow magic. The magical crafts fairies ;v1 aContains a special sneak peek of the next Rainbow magic adventures. aM a"Now that Kayla the Pottery Fairy's vase is missing, ceramic projects are in trouble! Can Rachel and Kirsty put a stop to Jack Frost's antics before he ruins everything?"--Page [4] of cover.2 a800 bLexile2 aM bRaz-Plus2 aAppeals to 2nd-3rd graders.0 aReading level grade 4. 0aTate, Kirsty (Fictitious character)vJuvenile fiction. 0aWalker, Rachel (Fictitious character)vJuvenile fiction. 0aFairiesvJuvenile fiction. 0aMagicvJuvenile fiction. 0aPotteryvJuvenile fiction. 1aTate, Kirsty (Fictitious character)vFiction. 1aWalker, Rachel (Fictitious character)vFiction. 1aFairiesvFiction. 1aTwinsvFiction. 7aFairies.2fast0(OCoLC)fst00919878 7aMagic.2fast0(OCoLC)fst01005468 7aPottery.2fast0(OCoLC)fst01073579 7aTate, Kirsty (Fictitious character)2fast0(OCoLC)fst01748294 7aWalker, Rachel (Fictitious character)2fast0(OCoLC)fst01748295 7aFiction.2fast0(OCoLC)fst01423787 7aJuvenile works.2fast0(OCoLC)fst01411637